000 00374nam a22001571a 4500
020 _a9788170163411
082 _aH3
_bNAS/T
100 _aNasira Sharma
245 _aTheekare ki mangani/
_cby Nasira Sharma
260 _aNew Delhi:
_bKithabghar,
_c1996.
300 _a199p.
650 _aNovel Hindi
650 _aLiterature Hindi
650 _aLiterature
942 _cBK
999 _c46679
_d46679